Top 25 NHL Players Of All Time - Statistics

General Stats
  • This quiz has been taken 82 times
  • The average score is 16 of 25
Answer Stats
Rank Answer % Correct
1 Wayne Gretzky
100%
8 Alex Ovechkin
89%
3 Mario Lemieux
86%
7 Sidney Crosby
86%
2 Bobby Orr
85%
4 Gordie Howe
82%
12 Bobby Hull
75%
24 Brett Hull
75%
5 Jaromir Jagr
74%
13 Patrick Roy
74%
25 Martin Brodeur
69%
9 Mark Messier
68%
6 Maurice Richard
66%
18 Phil Esposito
60%
22 Joe Sakic
58%
21 Steve Yzerman
58%
19 Paul Coffey
57%
17 Ray Bourque
57%
16 Connor McDavid
55%
11 Guy Lafleur
54%
14 Mike Bossy
54%
10 Nicklas Lidstrom
49%
15 Dominik Hasek
48%
20 Jean Beliveau
43%
23 Ken Dryden
22%
No matching quizzes found
Score Distribution
Percent of People with Each Score
Percentile by Number Answered
Your Score History
You have not taken this quiz